=LDR 00000nam 2200000 4500 =001 INLIS000000000023107 =005 20130612121809 =008 ***********************************Ind** =035 ##$$0010-061300000023107 =041 ##$$a Ind =082 ##$$a 92 (Soros) =090 ##$$a 92 (Soros), Sla-s =100 ##$$a Slater, Robert =245 ##$$a Soros, Hidup, masa =260 ##$$a 1987 $b Jakarta =300 ##$$a 311 hlm., ilus, 23 cm =650 ##$$a Soros, George =850 ##$$a NBPNMAT